|
|
|
|
| LEADER |
00000cam a2200000 c 4500 |
| 001 |
220393435 |
| 003 |
DE-627 |
| 005 |
20260206202614.0 |
| 007 |
tu |
| 008 |
961211s1972 xxu||||| 00| ||eng c |
| 020 |
|
|
|a 0525174559
|c : $7.95
|9 0-525-17455-9
|
| 035 |
|
|
|a (DE-627)220393435
|
| 035 |
|
|
|a (DE-603)106470183
|
| 035 |
|
|
|a (DE-576)024506109
|
| 035 |
|
|
|a (DE-599)GBV220393435
|
| 035 |
|
|
|a (OCoLC)341199
|
| 035 |
|
|
|a (OCoLC)00341199
|
| 040 |
|
|
|a DE-627
|b ger
|c DE-627
|e rakwb
|
| 041 |
|
|
|a eng
|
| 044 |
|
|
|c XD-US
|
| 050 |
|
0 |
|a KF224.N39
|
| 082 |
0 |
|
|a 323.44/5/0973
|q OCLC
|
| 082 |
0 |
|
|a 323.4450973
|
| 084 |
|
|
|a MG 70170
|2 rvk
|0 (DE-625)rvk/122860:12062
|
| 100 |
1 |
|
|a Ungar, Sanford J.
|4 aut
|
| 245 |
1 |
4 |
|a The papers & the papers
|b an account of the legal and political battle over the Pentagon Papers
|c by Sanford J. Ungar
|
| 246 |
3 |
3 |
|a The papers and the papers
|
| 250 |
|
|
|a [1st ed.]
|
| 264 |
|
1 |
|a New York, NY
|b Dutton
|c 1972
|
| 300 |
|
|
|a 319 S.
|c 25 cm
|
| 336 |
|
|
|a Text
|b txt
|2 rdacontent
|
| 337 |
|
|
|a ohne Hilfsmittel zu benutzen
|b n
|2 rdamedia
|
| 338 |
|
|
|a Band
|b nc
|2 rdacarrier
|
| 583 |
1 |
|
|a Archivierung prüfen
|c 20200919
|f DE-640
|z 3
|2 pdager
|
| 583 |
1 |
|
|a Archivierung prüfen
|c 20240324
|f DE-4165
|z 1
|2 pdager
|
| 600 |
1 |
0 |
|a Ellsberg, Daniel
|x Trials, litigation, etc
|
| 600 |
1 |
0 |
|a Russo, Anthony J
|q (Anthony Joseph)
|x Trials, litigation, etc
|
| 610 |
1 |
0 |
|a New York Times Company
|x Trials, litigation, etc
|
| 610 |
2 |
7 |
|0 (DE-588)1019534-8
|0 (DE-627)10340743X
|0 (DE-576)191244368
|a Usa
|b Department of Defense
|2 gnd
|
| 630 |
2 |
0 |
|a Pentagon Papers
|
| 650 |
|
0 |
|a Freedom of the press
|z United States
|
| 650 |
0 |
7 |
|0 (DE-588)4047160-3
|0 (DE-627)106195468
|0 (DE-576)209072520
|a Pressefreiheit
|2 gnd
|
| 935 |
|
|
|a MZUSA
|
| 935 |
|
|
|h HEB
|i 0501
|
| 935 |
|
|
|h HEB
|i 0503
|
| 936 |
r |
v |
|a MG 70170
|b Meinungs- und Informationsfreiheit
|k Politologie
|k Politische Systeme einzelner Länder
|k Europa, Nordamerika
|k Nordamerika
|k USA
|k Öffentliche Meinung
|k Meinungs- und Informationsfreiheit
|0 (DE-627)1271818132
|0 (DE-625)rvk/122860:12062
|0 (DE-576)201818132
|
| 936 |
s |
n |
|a m100
|2 mzub
|
| 951 |
|
|
|a BO
|
| ELC |
|
|
|b 1
|
| LOK |
|
|
|0 000 xxxxxcx a22 zn 4500
|
| LOK |
|
|
|0 001 3356516175
|
| LOK |
|
|
|0 003 DE-627
|
| LOK |
|
|
|0 004 220393435
|
| LOK |
|
|
|0 005 20020606000000
|
| LOK |
|
|
|0 008 910617||||||||||||||||ger|||||||
|
| LOK |
|
|
|0 040
|a DE-21
|c DE-627
|d DE-21
|
| LOK |
|
|
|0 852
|a DE-21
|
| LOK |
|
|
|0 852 1
|c KB 7 A 371
|9 00
|
| LOK |
|
|
|0 935
|a krim
|
| LOK |
|
|
|0 936ln
|a k10.4.1
|
| LOK |
|
|
|0 939
|a 17-06-91
|b l01
|
| ORI |
|
|
|a SA-MARC-krimdoka001.raw
|
| SIG |
|
|
|a UB: KB 7 A 371
|